00982cam a2200265 a 450000100100000000500170001000800410002704000250006808200180009310000260011124501640013726000450030130000210034649000230036765100490039060000420043960000320048160000300051365000430054365000380058670000260062470000210065070000220067183000230069300000282020200929150250.0871005s1986 nq 000 1 spa  aDO-SdBNPbspacBNPHU a972.85bI624s1 aInvernizzi, Gabriele,10aSandinistas :bentrevistas a Humberto Ortega Saavedra, Jaime Wheelock Román y Bayardo Arce Castaño /cGabriele Invernizzi, Francis Pisani, Jesús Ceberio. aManagua, Nicaragua :bVanguardia,c1986. a258 p. ;c20 cm.1 aCoyuntura ;vno. 1 4aNicaraguaxPolítica Y Gobiernoy1979-1990.14aORTEGA SAAVEDRA, HUMBERTOxENTREVISTA14aWHEELOCK, JAIMExENTREVISTA14aARCE, BAYARDOxENTREVISTA 4aRevolucionarioszNicaraguaxEntrevista 4aEstadistaszNicaraguaxEntrevista1 aInvernizzi, Gabriele.1 aPisani, Francis.1 aCeberio, Jesús. 0aCoyuntura ;vno. 1